[Event "TUR Cup"]
[Site "Antalya"]
[Date "2019.01.29"]
[Round "4"]
[White "Capan, Ferman"]
[Black "Capan, Firat"]
[Result "1/2-1/2"]
[WhiteElo "1713"]
[BlackElo "1155"]
[PlyCount "121"]
[EventDate "2019.01.27"]
[EventType "swiss"]
[EventRounds "11"]
[EventCountry "TUR"]
[SourceTitle "CBM 188 Extra"]
[Source "ChessBase"]
[SourceDate "2019.02.26"]
[SourceVersion "1"]
[SourceVersionDate "2019.02.26"]
[SourceQuality "1"]

1. d4 c6 2. c4 d5 3. Nf3 g6 4. e3 Bg7 5. Nc3 Nf6 6. Be2 0-0 7. 0-0 Re8 8. Ne5 Nbd7 9. f4 e6 10. b3 Rb8 11. Ba3 a6 12. Rc1 b5 13. cxb5 cxb5 14. Nc6 Qb6 15. Nxb8 Qxb8 16. Bb2 Bb7 17. Bf3 Bf8 18. Ne2 Qd8 19. Qd2 Nb8 20. Rc2 Nc6 21. Rfc1 Qa8 22. a3 a5 23. Qd3 b4 24. a4 Ba6 25. Qd1 Bb7 26. Ng3 Ne7 27. Be2 Nf5 28. Nf1 Nd6 29. Bd3 Rc8 30. Rxc8 Nxc8 31. h3 Bd6 32. Nd2 Ne7 33. Nf3 Kg7 34. Ne5 Nh5 35. g4 Nf6 36. Qf3 Ba6 37. Bxa6 Qxa6 38. Qf1 Qa8 39. Qb5 Ne4 40. Qd7 Qa6 41. Qb5 Qa8 42. Nc6 Nd2 43. Nxa5 Qa7 44. Nb7 Qb8 45. Nxd6 Qxd6 46. Qc5 Qa6 47. Qb5 Qd6 48. Qd3 Ne4 49. Rc2 g5 50. Bc1 Ng6 51. Qf1 Qb6 52. Qb5 Qd8 53. Qf1 Nh4 54. Bd2 Ng3 55. Qa6 Qf6 56. Bxb4 gxf4 57. Qc8 Nf3+ 58. Kg2 Nh4+ 59. Kf2 Ng6 60. Kg2 Nh4+ 61. Kh2 1/2-1/2

[Event "TUR Cup"]
[Site "Antalya"]
[Date "2019.01.27"]
[Round "1"]
[White "Karaoglan, Doruk"]
[Black "Capan, Ferman"]
[Result "1-0"]
[WhiteElo "2142"]
[BlackElo "1713"]
[PlyCount "77"]
[EventDate "2019.01.27"]
[EventType "swiss"]
[EventRounds "11"]
[EventCountry "TUR"]
[SourceTitle "CBM 188 Extra"]
[Source "ChessBase"]
[SourceDate "2019.02.26"]
[SourceVersion "1"]
[SourceVersionDate "2019.02.26"]
[SourceQuality "1"]

1. e4 e5 2. Nf3 Nf6 3. Nxe5 d6 4. Nf3 Nxe4 5. Nc3 Nxc3 6. dxc3 Be7 7. Bf4 0-0 8. Qd2 Be6 9. a3 Nd7 10. 0-0-0 Bf6 11. h4 Nc5 12. Nd4 a6 13. f3 Bxh4 14. Kb1 Bf6 15. g4 h6 16. Be2 g5 17. Be3 Kg7 18. Bd3 Nxd3 19. Qxd3 Rh8 20. Ne2 Be5 21. Rdg1 f6 22. f4 gxf4 23. Nxf4 Bxf4 24. Bxf4 Bf7 25. Qd2 Rh7 26. Bxh6+ Kh8 27. g5 Bg6 28. gxf6 Qxf6 29. Bg5 Qf5 30. Qd4+ Kg8 31. Rxh7 Kxh7 32. Rh1+ Kg8 33. Qh8+ Kf7 34. Qxa8 Qxc2+ 35. Ka1 Qg2 36. Qh8 Qxg5 37. Qc8 Qe7 38. Qxb7 Bd3 39. Qf3+ 1-0

[Event "TUR Cup"]
[Site "Antalya"]
[Date "2017.01.29"]
[Round "2"]
[White "Taskaya, Muhammed"]
[Black "Capan, Ferman"]
[Result "1-0"]
[WhiteElo "1966"]
[BlackElo "1818"]
[PlyCount "43"]
[EventDate "2017.01.28"]
[EventType "swiss"]
[EventRounds "11"]
[EventCountry "TUR"]
[SourceTitle "CBM 176 Extra"]
[Source "ChessBase"]
[SourceDate "2017.03.02"]
[SourceVersion "1"]
[SourceVersionDate "2017.03.02"]
[SourceQuality "1"]

1. e4 e5 2. Nf3 Nc6 3. Bb5 a6 4. Bxc6 dxc6 5. d4 exd4 6. Qxd4 Qxd4 7. Nxd4 Bc5 8. Be3 Nf6 9. f3 Bd7 10. Nc3 0-0-0 11. 0-0-0 Bb4 12. Nce2 h6 13. Nb3 b6 14. a3 Be7 15. Nf4 g5 16. Nd3 Kb7 17. Ne5 Be6 18. Rxd8 Bxd8 19. Nd2 Rg8 20. f4 Nd7 21. Nxd7 Bxd7 22. Nf3 1-0

[Event "TUR-ch"]
[Site "Kemer"]
[Date "2012.02.02"]
[Round "7"]
[White "Capan, Ferman"]
[Black "Yazici, Ugur Doga"]
[Result "1-0"]
[WhiteElo "1939"]
[BlackElo "1502"]
[PlyCount "65"]
[EventDate "2012.01.29"]
[EventType "swiss"]
[EventRounds "10"]
[EventCountry "TUR"]
[SourceTitle "CBM 146 Extra"]
[Source "ChessBase"]
[SourceDate "2012.02.29"]
[SourceVersion "1"]
[SourceVersionDate "2012.02.29"]
[SourceQuality "1"]

1. e4 e5 2. f4 Bc5 3. Nf3 d6 4. Bc4 Nc6 5. c3 Nf6 6. d3 0-0 7. a4 a6 8. Qe2 Be6 9. Bxe6 fxe6 10. fxe5 dxe5 11. Be3 Bxe3 12. Qxe3 Ng4 13. Qe2 Qd6 14. Na3 Rad8 15. h3 Nh6 16. Rd1 Qc5 17. Nc4 Nf7 18. b4 Qa7 19. Qe3 Qxe3+ 20. Nxe3 b5 21. Ke2 h6 22. Ra1 Ra8 23. Ra2 Ra7 24. axb5 axb5 25. Rxa7 Nxa7 26. Ra1 Nc8 27. Ng4 Nb6 28. Ra7 Ra8 29. Rxc7 Ra2+ 30. Ke3 Rxg2 31. Ngxe5 Nxe5 32. Nxe5 Rg3+ 33. Kd4 1-0

[Event "TUR-ch"]
[Site "Kemer"]
[Date "2012.02.01"]
[Round "6"]
[White "Cubukcu, Huseyin Fehmi"]
[Black "Capan, Ferman"]
[Result "1-0"]
[WhiteElo "1677"]
[BlackElo "1939"]
[PlyCount "81"]
[EventDate "2012.01.29"]
[EventType "swiss"]
[EventRounds "10"]
[EventCountry "TUR"]
[SourceTitle "CBM 146 Extra"]
[Source "ChessBase"]
[SourceDate "2012.02.29"]
[SourceVersion "1"]
[SourceVersionDate "2012.02.29"]
[SourceQuality "1"]

1. d4 d5 2. e3 Nf6 3. f4 c5 4. c3 Nc6 5. Nf3 Bf5 6. Bd3 Bxd3 7. Qxd3 e6 8. Nbd2 cxd4 9. exd4 Bd6 10. Ne5 0-0 11. 0-0 Qb6 12. Kh1 Rad8 13. Rf3 g6 14. Rh3 Rfe8 15. b3 Bf8 16. Ndf3 Ne4 17. Be3 Bg7 18. Nd2 f5 19. Nxe4 dxe4 20. Qe2 Bxe5 21. fxe5 Qc7 22. Bg5 Rd7 23. Bf6 Ne7 24. Rxh7 Kxh7 25. Qe3 Ng8 26. Qh3+ Nh6 27. Bg5 Rg7 28. Qxh6+ Kg8 29. Bf6 Rh7 30. Qxg6+ Kf8 31. c4 Qf7 32. Qg3 Qh5 33. d5 exd5 34. cxd5 Rc8 35. e6 Qh6 36. Bd4 f4 37. Qh3 Qxh3 38. gxh3 Rxh3 39. Be5 f3 40. d6 Rc2 41. Rd1 1-0

[Event "TUR-ch"]
[Site "Kemer"]
[Date "2012.01.31"]
[Round "4"]
[White "Bulgurlu, Okan"]
[Black "Capan, Ferman"]
[Result "1-0"]
[WhiteElo "1739"]
[BlackElo "1939"]
[PlyCount "87"]
[EventDate "2012.01.29"]
[EventType "swiss"]
[EventRounds "10"]
[EventCountry "TUR"]
[SourceTitle "CBM 146 Extra"]
[Source "ChessBase"]
[SourceDate "2012.02.29"]
[SourceVersion "1"]
[SourceVersionDate "2012.02.29"]
[SourceQuality "1"]

1. d4 d5 2. Nf3 Nf6 3. c4 e6 4. Nc3 Nbd7 5. Bg5 c6 6. e3 Qa5 7. cxd5 Nxd5 8. Qb3 Bd6 9. e4 Nxc3 10. bxc3 e5 11. Bc4 0-0 12. 0-0 b5 13. Be2 Re8 14. a4 exd4 15. cxd4 bxa4 16. Rxa4 Qb6 17. Qc2 Qc7 18. e5 Bf8 19. Bh4 Nb6 20. Bg3 Be6 21. Ra6 h6 22. Rc1 Rac8 23. Raa1 Qd7 24. Ba6 Rc7 25. Qb2 Nd5 26. Nd2 Nb4 27. Ne4 Nxa6 28. Rxa6 Rb7 29. Qa1 Rd8 30. Nd6 Bxd6 31. exd6 Bd5 32. Re1 Re8 33. Rxe8+ Qxe8 34. h3 Qd7 35. Qe1 Kf8 36. Ra3 Qf5 37. Re3 Be6 38. Qc3 Bd7 39. Re5 Qf6 40. Qd3 Be6 41. Qa6 Rb6 42. Qxa7 Qd8 43. Ra5 Bd5 44. Qxb6 1-0

[Event "TUR-ch"]
[Site "Kemer"]
[Date "2011.02.09"]
[Round "6"]
[White "Bedel, Sercan Sahin"]
[Black "Capan, Ferman"]
[Result "0-1"]
[WhiteElo "1793"]
[BlackElo "1972"]
[PlyCount "80"]
[EventDate "2011.02.05"]
[EventType "swiss"]
[EventRounds "10"]
[EventCountry "TUR"]
[SourceTitle "CBM 140 Extra"]
[Source "ChessBase"]
[SourceDate "2011.03.01"]
[SourceVersion "1"]
[SourceVersionDate "2011.03.01"]
[SourceQuality "1"]

1. e4 e6 2. d4 d5 3. Nc3 Nf6 4. Bg5 Be7 5. e5 Nfd7 6. Bxe7 Qxe7 7. Nb5 Nb6 8. a4 a6 9. a5 axb5 10. axb6 Rxa1 11. Qxa1 c6 12. Qa8 Qb4+ 13. c3 Qxb2 14. Ne2 b4 15. Qxb8 0-0 16. cxb4 Qxb4+ 17. Kd1 Qxb6 18. Qd6 f6 19. f4 fxe5 20. fxe5 Qb3+ 21. Kd2 Qb2+ 22. Kd1 Qa1+ 23. Kd2 Qb2+ 24. Ke1 b6 25. Qxc6 Ba6 26. Qxe6+ Kh8 27. Qg4 Qb4+ 28. Kd1 Bb5 29. Nf4 Qxd4+ 30. Bd3 Ba4+ 31. Kc1 Qc3+ 32. Kb1 Qb4+ 33. Ka1 Qa3+ 34. Kb1 Qb3+ 35. Ka1 Bd7 36. Qe2 Rxf4 37. Bb1 Ra4+ 38. Ba2 Be6 39. Rb1 Qc3+ 40. Qb2 d4 0-1